000 01102nam a2200229Ia 4500
001 17178
005 20260327113748.0
008 260306t2012||||xx |||||||||||||| ||und||
041 _aESP
082 _a657.48
_bS81
100 _aStickney, Clyde P.
_eAUT
245 0 _aContabilidad financiera:
_buna introducción a conceptos, métodos y usos
260 _c2012
300 _axxix, 824 páginas :
_c27 cm.
650 _aGEN
654 _aCCO
856 _uhttps://0u213tvtt-y-https-ebooks7--24-com.itmsp.museknowledge.com/?il=41241&pg=s9ml/chapter01/half.xhtml#data-uuid-0a90bee1828842969dc833630e905570
_zVéase además: Contabilidad Financiera, por Guajardo, Gerardo. Versión digital
856 _uhttps://0u213tvwy-y-https-ebooks7--24-com.itmsp.museknowledge.com/biblioteca.aspx
_zVéase además: Base de datos Ebook7-24
856 _uhttps://0u20ftx8u-y-https-research-ebsco-com.itmsp.museknowledge.com/c/qxo6us/search
_zVéase además: Base de datos EBSCOhost
856 _uhttps://legal.legis.com.pe/home/Corporativo
_zVéase además: Base de datos Multilegis
942 _cLIB
_dJUS
_fJUS
_2ddc
999 _c17178
_d17178